00721nam a22002177a 450000500170000000800410001702000180005802000180007604000230009405000130011710000180013024501420014826000530029030000280034349000270037150000460039865000120044465000100045665000160046670000210048220241218061034.0241218b |||||||| |||| 00| 0 eng d a9789085731429 a9789290815365 aKMUcKMUdKMUerda aSB191.R5 aMeertens Bert aimproving lowland rice cultivation:bUseful management practices for smallholders in tropical Africa/cBert Meertens and Michiel de Vries a Wageningen: bAgromisa Foundation, 2011,c2014. a90 P.: bill. ;c20 cm. a Agrodock-series No.51 aInclude glossary, useful sites and series aLowland aRice  aCultivation aVries de Michiel